LEADER 02868nam 2200625 a 450 001 9910457653203321 005 20200520144314.0 010 $a1-118-29300-2 010 $a1-283-40428-1 010 $a9786613404282 010 $a1-118-29301-0 035 $a(CKB)2550000000074117 035 $a(EBL)822515 035 $a(OCoLC)768732361 035 $a(SSID)ssj0000551616 035 $a(PQKBManifestationID)11337072 035 $a(PQKBTitleCode)TC0000551616 035 $a(PQKBWorkID)10526860 035 $a(PQKB)11689235 035 $a(MiAaPQ)EBC822515 035 $a(Au-PeEL)EBL822515 035 $a(CaPaEBR)ebr10518775 035 $a(CaONFJC)MIL340428 035 $a(EXLCZ)992550000000074117 100 $a20100217d2010 uy 0 101 0 $aeng 135 $aur|n|---||||| 181 $ctxt 182 $cc 183 $acr 200 10$aLecture notes$iOncology$b[electronic resource] /$fMark Bower, Jonathan Waxman 205 $a2nd ed. 210 $aChichester [England] $cWiley-Blackwell$d2010 215 $a1 online resource (302 p.) 300 $aIncludes index. 300 $aOn cover: With self-test. 311 $a1-4051-9513-4 327 $aTitle Page; Table of Contents; Preface to the second edition; Part 1:Introduction to oncology; What is cancer?; The scientific basis of cancer; The principles of cancer treatment; Cancer and people; Part 2:Types of cancer; Breast cancer; Central nervous system cancers; Gastrointestinal cancers; Oesophageal cancer; Gastric cancer; Hepatobiliary cancer; Pancreatic cancer; Colorectal cancer; Genitourinary cancers; Kidney cancer; Bladder cancer; Prostate cancer; Testis cancer; Gynaecological cancers; Gestational trophoblastic disease; Cervical cancer; Endometrial cancer; 327 $aOvarian cancer; Head and neck cancers; Endocrine cancers; Thyroid cancer; Adrenal cancers; Carcinoid tumours; Pituitary tumours; Parathyroid cancers; Thoracic cancers; Lung cancer; Mesothelioma; Haematological cancers; The leukaemias; Hodgkin's disease; Non hodgkin 's lymphoma; Myeloma; Skin cancer; Non melanoma skin tumours; Melanoma; Paediatric solid tumours; Bone cancers and sarcomas; Unknown primary cancer; Immunodeficiency and cancer; Part 3:The practice of oncology; Paraneoplastic complications of cancer; Oncological emergencies; End of life care; Self assessment mcqs; 327 $aAnswers to mcqs; Index. 606 $aCancer$vOutlines, syllabi, etc 606 $aOncology$vOutlines, syllabi, etc 608 $aElectronic books. 615 0$aCancer 615 0$aOncology 676 $a616.99/4 700 $aBower$b Mark$0893184 701 $aWaxman$b Jonathan$0883266 801 0$bMiAaPQ 801 1$bMiAaPQ 801 2$bMiAaPQ 906 $aBOOK 912 $a9910457653203321 996 $aLecture notes$92128828 997 $aUNINA LEADER 01415nam a22002651i 4500 001 991002294359707536 005 20030724073634.0 008 030925s1867 it |||||||||||||||||ita 035 $ab1226894x-39ule_inst 035 $aARCHE-031651$9ExL 040 $aBiblioteca Interfacoltà$bita$cA.t.i. Arché s.c.r.l. Pandora Sicilia s.r.l. 082 04$a853 100 1 $aCapasso, Bartolomeo$036189 245 10$aNovella di Ruggiero re di Sicilia e di Puglia promulgata in greco nel 1150 ed ora per la prima volta edita dai codd. delle biblioteche di S. Marco in Venezia e Vaticana di Roma /$ccon la traduzione latina ed alcune osservazioni di Bartolommeo Capasso 260 $aNapoli :$bStamperia della Regia Università,$c1867 300 $a1 v. ;$c29 cm 650 4$aCodice diplomatico$xVenezia$xBiblioteca della Basilica di San Marco 650 4$aCodice diplomatico$xRoma$xBiblioteca Vaticana 650 4$aRuggiero (Re di Sicilia ; 2.)$xOpere 907 $a.b1226894x$b02-04-14$c08-10-03 912 $a991002294359707536 945 $aLE002 Misc. I L 2/1$g1$iLE002-24579$lle002$o-$pE0.00$q-$rn$so $t0$u0$v0$w0$x0$y.i12660097$z08-10-03 996 $aNovella di Ruggiero re di Sicilia e di Puglia promulgata in greco nel 1150 ed ora per la prima volta edita dai codd. delle biblioteche di S. Marco in Venezia e Vaticana di Roma$9152851 997 $aUNISALENTO 998 $ale002$b08-10-03$cm$da $e-$fita$git $h0$i1 LEADER 00971nam a22002651i 4500 001 991000327909707536 005 20031005221443.0 008 040204s1982 it |||||||||||||||||ita 020 $a8806544292 035 $ab12600507-39ule_inst 035 $aARCHE-060771$9ExL 040 $aDip. SSC$bita$cA.t.i. Arché s.c.r.l. Pandora Sicilia s.r.l. 082 04$a832.6 100 1 $aSchiller, Friedrich$037289 245 10$aMaria Stuarda /$cFriedrich Schiller ; nota introduttiva e traduzione di Maria Donatella Ponti 260 $aTorino :$bEinaudi,$c1982 300 $aVII, 123 p. ;$c18 cm 440 0$aCollezione di teatro ;$v260 700 1 $aPonti, Maria Donatella 907 $a.b12600507$b02-04-14$c12-02-04 912 $a991000327909707536 945 $aLE021 LETTDRAM13A16$g1$iLE021-6822$lle021$o-$pE0.00$q-$rl$s- $t0$u0$v0$w0$x0$y.i13081202$z12-02-04 996 $aMaria Stuarda$975122 997 $aUNISALENTO 998 $ale021$b12-02-04$cm$da $e-$fita$git $h0$i1